| 000 | 01161cab a2200277 4500 | ||
|---|---|---|---|
| 001 | ABS50447 | ||
| 008 | 090401t1994 xxu||||| |||| 00| 0 eng d | ||
| 035 | _a(Sirsi) u75788 | ||
| 041 | _aeng | ||
| 245 | _aCarl Paul Developments (Jersey) Ltd`s application | ||
| 260 | _c1994 | ||
| 350 | _a0 | ||
| 490 |
_aRating & Valuation Reporter _v1994 RVR 13-16(4) |
||
| 520 | _aLT 26 July 1993. Application under Law of Property Act 1925 s84(1) determining the compensation payable following an agreed modification of a restrictive covenant from five to nine bungalows on a piece of land. Applicant developer favoured the residual method of valuation whilst the Council proposed valuation by price per plot. Residual method allowed. A sum of £31,500 compensation determined. | ||
| 650 | _aCOMPENSATION | ||
| 650 | _aLAW OF PROPERTY ACT 1925 S84(1) | ||
| 650 | _aMODIFICATION | ||
| 650 | _aPRICE PER PLOT | ||
| 650 | _aRESIDUAL METHOD | ||
| 650 | _aRESTRICTIVE COVENANTS | ||
| 650 | _aVALUATION METHODS | ||
| 690 | _aCOMPULSORY PURCHASE AND COMPENSATION-CASE LAW | ||
| 690 | _aPROPERTY LAW AND PRACTICE-CASE LAW | ||
| 942 | _n0 | ||
| 948 | _c04/03/1997 | ||
| 999 |
_c47672 _d47672 |
||